<?xml version="1.0" encoding="UTF-8"?>
<record
    xmlns:xsi="http://www.w3.org/2001/XMLSchema-instance"
    xsi:schemaLocation="http://www.loc.gov/MARC21/slim http://www.loc.gov/standards/marcxml/schema/MARC21slim.xsd"
    xmlns="http://www.loc.gov/MARC21/slim">

  <leader>00504nas a2200145 i 4500</leader>
  <controlfield tag="001">253450</controlfield>
  <controlfield tag="008">890206s    spco   ||    o001 ||| </controlfield>
  <datafield tag="245" ind1=" " ind2=" ">
    <subfield code="a">Descubrimiento</subfield>
  </datafield>
  <datafield tag="260" ind1=" " ind2=" ">
    <subfield code="a">Santo Domingo :</subfield>
    <subfield code="b">Fundaci&#xF3;n Ciencia y Arte</subfield>
  </datafield>
  <datafield tag="500" ind1=" " ind2=" ">
    <subfield code="a">El n&#xFA;mero 9-10 del 1990 est&#xE1; en una sola edici&#xF3;n, no se visualiza porque el sistema no acepta dos n&#xFA;meros en una edici&#xF3;n</subfield>
  </datafield>
  <datafield tag="650" ind1=" " ind2=" ">
    <subfield code="9">15807</subfield>
    <subfield code="a">Ciencia</subfield>
  </datafield>
  <datafield tag="650" ind1=" " ind2=" ">
    <subfield code="9">2031</subfield>
    <subfield code="a">Artes</subfield>
  </datafield>
  <datafield tag="650" ind1=" " ind2=" ">
    <subfield code="9">48926</subfield>
    <subfield code="a">Fundaci&#xF3;n Ciencia y Arte</subfield>
    <subfield code="z">Publicaciones seriadas</subfield>
  </datafield>
  <datafield tag="942" ind1=" " ind2=" ">
    <subfield code="c">15 </subfield>
  </datafield>
  <datafield tag="999" ind1=" " ind2=" ">
    <subfield code="c">58108</subfield>
    <subfield code="d">58108</subfield>
  </datafield>
</record>
